000 00313nam a22001337a 4500
008 180822b xxu||||| |||| 00| 0 eng d
020 _a1879284308
041 _aeng
080 _a616.8
100 _a7
101 _aNEU
245 _aCONTEMPORARY MANGEMENT SPINAL CORD INJURY
_cBENZEL.E,C
942 _2udc
_cBK
999 _c47248
_d47248